[Event "UKR-POL U26"]
[Site "Lvov"]
[Date "2013.09.26"]
[Round "1"]
[White "Kula, Mateusz"]
[Black "Susla, Mikhail"]
[Result "1/2-1/2"]
[WhiteElo "1670"]
[BlackElo "1986"]
[PlyCount "171"]
[EventDate "2013.09.26"]
[EventType "team-swiss"]
[EventRounds "5"]
[EventCountry "UKR"]
[SourceTitle "CBM 156 Extra"]
[Source "ChessBase"]
[SourceDate "2013.10.22"]
[SourceVersion "1"]
[SourceVersionDate "2013.10.22"]
[SourceQuality "1"]
[WhiteTeam "Katowice Silesia Univ"]
[BlackTeam "Ternopol Economic Univ"]
[WhiteTeamCountry "POL"]
[BlackTeamCountry "UKR"]

1. e4 c5 2. Nf3 e6 3. d4 cxd4 4. Nxd4 a6 5. c4 Qc7 6. Bd3 d6 7. 0-0 Nf6 8. Nc3 g6 9. Be3 Bg7 10. Rc1 0-0 11. b4 Nbd7 12. f4 h5 13. Kh1 Ng4 14. Bg1 Qd8 15. Nf3 b6 16. Qe1 Bb7 17. Qg3 Qe8 18. Rfe1 Rc8 19. h3 Nh6 20. f5 Ne5 21. Nxe5 Bxe5 22. Qg5 Kh7 23. Bxb6 Rg8 24. Be3 Qf8 25. f6 Rh8 26. Bf4 Bxf4 27. Qxf4 e5 28. Qg5 Ng8 29. Rcd1 Qh6 30. Qxh6+ Kxh6 31. Rf1 g5 32. Be2 Rc6 33. Nd5 Kg6 34. Rc1 Rc8 35. Bd3 Rh6 36. a4 Kh7 37. Rf2 Kh8 38. Rcf1 Re8 39. Ne7 Nxf6 40. Rxf6 Rxf6 41. Rxf6 Rxe7 42. Rxd6 Kg7 43. Kg1 Rc7 44. Kf2 Kf8 45. Ke3 Ke7 46. Rb6 Bc8 47. c5 a5 48. bxa5 Rxc5 49. Rb5 Kd6 50. Rb6+ Kc7 51. Rb5 Kd6 52. Rb6+ Kc7 53. Rh6 Rxa5 54. Bb5 Bd7 55. Rxh5 Bxb5 56. axb5 Rxb5 57. Rxg5 Rb4 58. Kf2 Kd6 59. Rf5 Ke6 60. h4 Rb2+ 61. Kf3 Rb3+ 62. Kg4 Re3 63. h5 Rxe4+ 64. Kg5 Re2 65. g4 Rh2 66. Rf6+ Ke7 67. Ra6 e4 68. Kf4 Kf8 69. Kxe4 Kg7 70. Kf5 Rf2+ 71. Kg5 Rf1 72. h6+ Kh7 73. Rf6 Rh1 74. Rxf7+ Kg8 75. Ra7 Rb1 76. h7+ Kh8 77. Rf7 Rb5+ 78. Rf5 Rb7 79. Kg6 Rg7+ 80. Kf6 Rxh7 81. g5 Ra7 82. g6 Ra6+ 83. Kg5 Kg7 84. Rf7+ Kg8 85. Rb7 Ra1 86. Rb8+ 1/2-1/2